Ergonomics in the garment industry

Ergonomics in the garment industry imparts knowledge on ergonomics and safety at work in the garment manufacturing industry. Chapters discuss ergonomics development; divisions of ergonomics; ergonomic conditions of work; ergonomic principles; and ergonomic design of the workplace.

Saved in:
Bibliographic Details
Main Author Colovic, Gordana (Author)
Format Electronic eBook
LanguageEnglish
Published New Delhi, India ; Cambridge, England ; Philadelphia, Pennsylvania : Woodhead Publishing India Pvt Ltd, 2014.
SeriesWoodhead Publishing India in textiles.
Subjects
Online AccessFull text
ISBN9789380308906
9380308906
9780857098351
0857098357
9780857098221
0857098225
9781782420712
1782420711
9789380308371
938030837X
9789380308265
9380308264
Physical Description1 online resource (218 pages) : illustrations, charts, tables, photographs

Cover

LEADER 00000cam a2200000 i 4500
001 kn-ocn883575200
003 OCoLC
005 20240717213016.0
006 m o d
007 cr cn|||||||||
008 140813t20142014ii ado ob 001 0 eng d
040 |a COO  |b eng  |e rda  |e pn  |c COO  |d OCLCO  |d E7B  |d OPELS  |d YDXCP  |d OCLCF  |d N$T  |d OCLCQ  |d EBLCP  |d CRCPR  |d CAUOI  |d CNNOR  |d MERUC  |d UAB  |d STF  |d OCLCQ  |d U3W  |d AU@  |d OCLCQ  |d WYU  |d G3B  |d TYFRS  |d LEAUB  |d DKC  |d OCLCQ  |d VLY  |d OCLCO  |d OCLCQ  |d OCLCO  |d OCLCL  |d PUL 
020 |a 9789380308906  |q (electronic bk.) 
020 |a 9380308906  |q (electronic bk.) 
020 |a 9780857098351  |q (electronic bk.) 
020 |a 0857098357  |q (electronic bk.) 
020 |a 9780857098221  |q (electronic bk.) 
020 |a 0857098225  |q (electronic bk.) 
020 |a 9781782420712 
020 |a 1782420711 
020 |z 0857098225 
020 |z 9789380308371 
020 |z 938030837X 
020 |z 9789380308265  |q (India) 
020 |z 9380308264  |q (India) 
035 |a (OCoLC)883575200  |z (OCoLC)889302752  |z (OCoLC)910237182  |z (OCoLC)957735652  |z (OCoLC)958081929  |z (OCoLC)1058170217  |z (OCoLC)1066554053  |z (OCoLC)1162580364 
041 7 |a eng  |2 iso639-3 
100 1 |a Colovic, Gordana,  |e author. 
245 1 0 |a Ergonomics in the garment industry /  |c Gordana Colovic. 
264 1 |a New Delhi, India ;  |a Cambridge, England ;  |a Philadelphia, Pennsylvania :  |b Woodhead Publishing India Pvt Ltd,  |c 2014. 
264 4 |c ©2014 
300 |a 1 online resource (218 pages) :  |b illustrations, charts, tables, photographs 
336 |a text  |b txt  |2 rdacontent 
337 |a computer  |b c  |2 rdamedia 
338 |a online resource  |b cr  |2 rdacarrier 
490 1 |a Woodhead publishing India in textiles 
504 |a Includes bibliographical references and index. 
506 |a Plný text je dostupný pouze z IP adres počítačů Univerzity Tomáše Bati ve Zlíně nebo vzdáleným přístupem pro zaměstnance a studenty 
520 8 |a Ergonomics in the garment industry imparts knowledge on ergonomics and safety at work in the garment manufacturing industry. Chapters discuss ergonomics development; divisions of ergonomics; ergonomic conditions of work; ergonomic principles; and ergonomic design of the workplace. 
505 0 |a 1. Ergonomics development -- 2. Divisions of ergonomics -- 3. Ergonomic conditions of work -- 4. Ergonomic principles -- 5. Ergonomic design of workplace in garment industry. 
590 |a Knovel  |b Knovel (All titles) 
650 0 |a Textile industry  |x Statistical methods. 
655 7 |a elektronické knihy  |7 fd186907  |2 czenas 
655 9 |a electronic books  |2 eczenas 
776 0 8 |i Print version:  |a Colovic, Gordana.  |t Ergonomics in the garment industry.  |d New Delhi, India ; Cambridge, England ; Philadelphia, Pennsylvania : Woodhead Publishing India Pvt Ltd, ©2014  |h x, 206 pages  |z 9789380308371 
830 0 |a Woodhead Publishing India in textiles. 
856 4 0 |u https://proxy.k.utb.cz/login?url=https://app.knovel.com/hotlink/toc/id:kpSTE00043/statistics-for-textile?kpromoter=marc  |y Full text